000 00417nam a2200145Ia 4500
008 231129s2012||||xx |||||||||||||| ||spa||
020 _a978-958-46-0837-6
040 _bspa
082 _aCo868.44 ó15m
100 _aOcampo Correa Germán
245 0 _aMomentos estelares de la Colina del Viento
260 _c2012
264 _aManizales Colombia : Manigraf
942 _2ddc
_cBKS
999 _c21359
_d21359